Introduction to Electrodynamics
Gorde:
| Egile nagusia: | |
|---|---|
| Formatua: | Liburua |
| Hizkuntza: | Undetermined |
| Argitaratua: |
New Jersey
Prentice Hall, Inc
1999
|
| Gaiak: | |
| Etiketak: |
Etiketa erantsi
Etiketarik gabe, Izan zaitez lehena erregistro honi etiketa jartzen!
|
| Thư viện lưu trữ: | Trung tâm Học liệu Trường Đại học Cần Thơ |
|---|
| LEADER | 00524nam a2200193Ia 4500 | ||
|---|---|---|---|
| 001 | CTU_65547 | ||
| 008 | 210402s9999 xx 000 0 und d | ||
| 020 | |c 420000 | ||
| 082 | |a 537.6 | ||
| 082 | |b G855 | ||
| 100 | |a Griffiths, David J. | ||
| 245 | 0 | |a Introduction to Electrodynamics | |
| 245 | 0 | |c David J. Griffiths, Reed College | |
| 260 | |a New Jersey | ||
| 260 | |b Prentice Hall, Inc | ||
| 260 | |c 1999 | ||
| 650 | |a Electrodynamics | ||
| 904 | |i TUYẾN | ||
| 980 | |a Trung tâm Học liệu Trường Đại học Cần Thơ | ||